000 00396 a2200169 4500
001 115122
020 _a9788573986105
041 _apor
090 _aSK [E] BEL
100 _aBeli, Roberto.
250 _a. ed.
697 _aLiteratura infantil.
040 _aBR-BrIDEA
_cBR-BrIDEA
245 1 0 _aIncríveis dinossauros
_c Roberto Beli
260 _a[S.l.]
_bBrasiLeitura
_c2016
942 _cBK
999 _c115122
_d115122